000
00294nam a22001337a 4500
008
170208b xxu||||| |||| 00| 0 eng d
020
_a
043144040006
041
_a
eng
080
_a
61
100
_a
4
101
_a
shm
245
_a
MAYO CLINIC FAMILY HEALTH BOOK
_c
LARSON.E
942
_2
udc
_c
BK
999
_c
4938
_d
4938